000 00570nam a2200181Ia 4500
008 210719s2011 xx 000 0 und d
020 _a978-81-7058-992-1
041 _aeng
082 _a158.1 AURL
100 _aAUROBINDO;DALAL (A S)
245 _aLiving within:the yoga approach to psychological health and growth Ed 2
260 _aPondicherry
_c2011
300 _axlii,197
_bPB
365 _b75
_cRs
650 _aApplied Psychology
650 _aApplied Psychology
906 _a2 ; approach ; Ed ; growth ; health ; Living ; psychological ; within:the ; yoga
999 _c216010
_d216010